000 00358nam a2200157Ia 4500
008 230524s9999 xx 000 0 und d
082 _a530.1
_bSIN
100 _aS.P.Singh
245 0 _aQuantum Mechanics
250 _a1ST
260 _aNEW DELHI
_bS.Chand
_c2004
300 _aVI;215
500 _aQuantity Number: 5
650 _aPhysics
942 _cBK
999 _c22902
_d22902